Az évzáró vizsgálat

Elmentve itt :
Bibliográfiai részletek
Szerző: Vende Ernő
Dokumentumtípus: Cikk
Megjelent: 1899
Sorozat:Magyar pedagógia : a Magyar Tudományos Akadémia Pedagógiai Bizottságának folyóirata 8
Kulcsszavak:Oktatásügy Magyarország 19. sz., Vizsga
Online Access:http://misc.bibl.u-szeged.hu/7526
LEADER 00651nab a2200181 i 4500
001 misc7526
005 20191106144155.0
008 170607s1899 hu o 0|| hun d
022 |a 0025-0260 
040 |a SZTE Miscellanea Repozitórium  |b hun 
041 |a hun 
100 1 |a Vende Ernő 
245 1 3 |a Az évzáró vizsgálat  |h [elektronikus dokumentum] /  |c  Vende Ernő 
260 |c 1899 
300 |a 386-389 
490 0 |a Magyar pedagógia : a Magyar Tudományos Akadémia Pedagógiai Bizottságának folyóirata  |v 8 
695 |a Oktatásügy Magyarország 19. sz., Vizsga 
856 4 0 |u http://misc.bibl.u-szeged.hu/7526/1/mp_1899_0619_386-389.pdf  |z Dokumentum-elérés